| 000 | 00896nam a22002057a 4500 | ||
|---|---|---|---|
| 999 |
_c370800 _d370800 |
||
| 008 | 201130b ||||| |||| 00| 0 eng d | ||
| 040 |
_bger _cDE-2950 _erda _aDE-2950 |
||
| 041 | _ager | ||
| 100 | _aKannenberg, Heinz: | ||
| 245 |
_aDer MOZ-Talk kehrt ins Kleist-Forum zurück. _bUnterhaltung: Lilo Wanders und David Friedrich begrüßen bei Ostdeutschlands größter Live-Bühnen-Talkshow heute Abend namhafte Gäste, darunter Bernd Spickenagel, Prinz Georg Friedrich von Preußen und Virologe Prof. Andreas Schmidt-Chanasit _cHeinz Kannenberg |
||
| 264 | _c2021 | ||
| 653 | _aFrankfurt (Oder) | ||
| 653 | _aKleist-Forum | ||
| 653 | _aMOZ-Talk | ||
| 773 |
_dFrankfurt (Oder): Märkisches Verlags- und Druckhaus GmbH & Co KG _g32. Jahrgang (2021) Nr. 215 vom 15.09.2021, S. 15 _tMärkische Oderzeitung |
||
| 942 | _cA | ||